Egypt beyond the pyramids

Αποθηκεύτηκε σε:
Λεπτομέρειες βιβλιογραφικής εγγραφής
Συλλογικό Έργο: History Channel (Television network), Greystone Communications
Μορφή: Βίντεο
Γλώσσα:English
Δημοσίευση: New York : The History Channel, 2001
Θέματα:
Ετικέτες: Προσθήκη ετικέτας
Δεν υπάρχουν, Καταχωρήστε ετικέτα πρώτοι!

MARC

LEADER 00000 gm a2200000 i 4500
001 1/48264
007 gd cgai
008 070716s2001 us engod
020 |a 0-7670-3628-X (τ.1) 
020 |a 0-7670-3629-8 (τ.2) 
020 |a 0-7670-3627-1 (set) 
035 |l 10088868 
040 |a GR-MY-UA  |b gre  |e aacr 
041 0 |a eng 
082 0 |a 932.01  |2 (22) 
245 1 0 |a Egypt  |h [μαγνητοσκόπηση] :  |b beyond the pyramids /  |c produced by Greystone Communications, Inc. for the History Channel ; produced, directed and written by David deVries 
260 |a New York :   |b The History Channel,   |c 2001 
300 |a 2 βιντεοδίσκοι (200 λεπτ.);  |b ομίλ., έγχρ.;  |c 4 3/4 ιν. 
505 0 |a Τ.1. Mansions of the spirits, the great Pharaoh and his lost children. - Τ.2. The daily life of ancient Egyptians, death and the journey to immortality 
538 |a DVD format 
600 1 0 |a Ramses II  |c King of Egypt. 
650 0 0 |a Funeral rites and ceremonies  |z Egypt. 
650 0 0 |a Video recordings for the hearing impaired. 
650 0 0 |a Excavations (Archaeology)  |z Egypt. 
651 0 |a Egypt  |x History  |y To 332 B.C. 
651 0 |a Egypt  |x Civilization  |y To 332 B.C. 
651 0 |a Egypt  |x Antiquities. 
651 0 |a Egypt  |x Social conditions. 
710 2 |a History Channel (Television network) 
710 2 |a Greystone Communications. 
740 0 2 |a Mansions of the spirits, the great Pharaoh and his lost 
740 0 2 |a The daily life of ancient Egyptians, death and the journey to immortality 
852 |a INST  |b RHODES  |c AV  |e 20070716  |h 932.01 EGY  |p 005400026400  |q 005400026400  |t DVD  |y 23  |z τ.2 
852 |a INST  |b RHODES  |c AV  |e 20070716  |h 932.01 EGY  |p 005400026401  |q 005400026401  |t DVD  |y 23  |z τ.1 
852 |a INST  |b RHODES  |c AV  |e 20070716  |h 932.01 EGY  |p 005400026400  |q 005400026400  |t DVD  |v τ.2:  |y 23  |z τ.2 
852 |a INST  |b RHODES  |c AV  |e 20070716  |h 932.01 EGY  |p 005400026401  |q 005400026401  |t DVD  |v τ.1:  |y 23  |z τ.1 
853 |a INST  |b RHODES  |c AV  |h 932.01 EGY 
901 |a BIBL4-2007-2 
909 |a Ρ  |b 129458 
909 |a Ρ  |b 129459 
920 |a ΑΝΑΜΟΡΦΩΣΗ  |b ΕΠΕΑΕΚ ΙΙ-ΤΜΣ  |y ΡΟΔΟΣ  |z 2006-09 
970 |a ΚΟΖΑ  |b ΜΑΡΙΑ  |z 2007/07/16